Breaking Bad Charaktere - Sudden Death - Statistiken

Allgemein
  • Dieses Quiz wurde 252 mal gespielt
  • Das Durchschnittsergebnis liegt bei 7 aus 15
Answers on the Grid
Answers color-coded by a green-red scale on the quiz's grid according to % correct below.
Walter White
Jesse Pinkman
Skyler White
Hank Schrader
Marie Schrader
Saul Goodman
Gus Fring
Mike Ehrmantraut
Walter jr.
Lydia Rodarte-Quayle
Todd Alquist
Christopher Moltisanti
Tuco Salamanca
Jane Margrolis
Skinny Pete
Huell Babineaux
Kim Wexler
Nacho Varga
Lalo Salamanca
Chuck McGill
Pablo Escobar
Dexter Morgan
Javier Pena
Marty Byrde
Jax Teller
Stringer Bell
Omar Little
Wendy Byrde
Howard Hamlin
Tony Soprano
 
Antwortstatistiken
Antwort % Korrekt
Skyler White
64%
Saul Goodman
62%
Walter jr.
62%
Walter White
61%
Hank Schrader
60%
Gus Fring
56%
Jesse Pinkman
53%
Marie Schrader
53%
Tuco Salamanca
53%
Skinny Pete
49%
Mike Ehrmantraut
47%
Todd Alquist
32%
Huell Babineaux
28%
Lydia Rodarte-Quayle
27%
Jane Margrolis
23%
Keine übereinstimmenden Quizze gefunden
Verteilung der Resultate
Anzahl Personen mit jedem Resultat
Perzentil nach korrekt beantworteten Fragen
Ihre Resultats-Entwicklung
Sie haben dieses Quiz noch nicht gespielt